000
00329 a2200109 4500
001
ART_33837
005
20260410161708.0
008
260409a
245
1
0
_a
Modificaciones al objeto del impuesto a las ganancias
100
1
_a
Cáceres, Alberto I.
773
0
_t
Revista Impuestos
_g
- Nº 5 (mar. 2006)
_w
REV639
999
_c
15796
_d
15796